000
00227nam a2200097Ia 4500
008
190216s9999||||xx |||||||||||||| ||und||
100
_a
Gopalaswamy N
245
0
_a
Sasya Resathanthram
260
_b
Kerala Basha Inst
942
_c
BK
999
_c
38966
_d
38966